000 00424nam a2200133Ia 4500
008 100328s9999 xx 000 0 und d
082 _b62896
100 _aमेंगजी अशोक.
245 _aउजळलेला चंद्रमा.
260 _bपार्टनर.
630 _aउजळलेला चंद्रमा.
730 _aउजळलेला चंद्रमा.
942 _cBOOK
999 _c548832
_d548829